[Event "AUT-ch Seniors 65"]
[Site "Deutschlandsberg"]
[Date "2019.05.02"]
[Round "5.5"]
[White "Frisch, Wilhelm"]
[Black "Frey, Armin"]
[Result "1/2-1/2"]
[WhiteElo "1814"]
[BlackElo "1857"]
[PlyCount "104"]
[EventDate "2019.04.28"]
[EventType "swiss"]
[EventRounds "7"]
[EventCountry "AUT"]
[SourceTitle "EXT 2024"]
[Source "ChessBase"]
[SourceDate "2023.10.10"]
[SourceVersion "1"]
[SourceVersionDate "2023.10.10"]
[SourceQuality "1"]

1. c4 f5 2. Nc3 e6 3. Nf3 Nf6 4. d3 Bb4 5. a3 Bxc3+ 6. bxc3 0-0 7. g3 d6 8. Bg2 Nbd7 9. Rb1 Rb8 10. Nh4 Ne5 11. Bf4 Nf7 12. Nf3 b6 13. Nd4 Bd7 14. Bd2 d5 15. cxd5 exd5 16. 0-0 a6 17. Bf4 g5 18. Be3 Qe7 19. Qc1 h6 20. h4 c5 21. hxg5 hxg5 22. Nf3 Nh7 23. Kh2 Qf6 24. Rh1 Rbe8 25. Kg1 g4 26. Nh4 d4 27. cxd4 cxd4 28. Bf4 Rxe2 29. Bd5 Rc8 30. Qd1 Rcc2 31. Rh2 Kg7 32. Bb3 Qc6 33. Bxc2 Rxc2 34. Rc1 Rxc1 35. Qxc1 Qxc1+ 36. Bxc1 Ne5 37. Bb2 Nc6 38. f3 Nf6 39. Re2 Kf7 40. Kf2 Nd5 41. fxg4 fxg4 42. Rc2 Ne3 43. Rxc6 Bxc6 44. Bxd4 Nd5 45. Nf5 Bd7 46. Ne3 Nxe3 47. Kxe3 b5 48. Bb6 Ke6 49. Kd4 Kd6 50. Ba5 Be6 51. Bb4+ Kc6 52. Ke5 Bd5 1/2-1/2

[Event "Niederbayern-ch Seniors"]
[Site "Ortenburg"]
[Date "2019.04.27"]
[Round "5"]
[White "Kuespert, Erwin"]
[Black "Frisch, Wilhelm"]
[Result "0-1"]
[WhiteElo "1813"]
[BlackElo "1814"]
[PlyCount "92"]
[EventDate "2019.04.25"]
[EventType "tourn"]
[EventRounds "6"]
[EventCountry "GER"]
[SourceTitle "EXT 2023"]
[Source "ChessBase"]
[SourceDate "2022.10.05"]
[SourceVersion "1"]
[SourceVersionDate "2022.10.05"]
[SourceQuality "1"]

1. d4 d5 2. Nc3 Nc6 3. Bf4 a6 4. e3 e6 5. Nf3 Bd6 6. Be2 Bxf4 7. exf4 Qf6 8. Qd2 Nge7 9. Ne5 Bd7 10. 0-0-0 Nf5 11. Nxc6 Bxc6 12. g4 Nd6 13. Rde1 0-0-0 14. g5 Qe7 15. b3 Rd7 16. f3 g6 17. Bd3 Bb5 18. Bxb5 axb5 19. Kb2 b6 20. Nxd5 Qf8 21. Nf6 Rd8 22. Qb4 Nc4+ 23. Kc3 Nd6 24. d5 Kb7 25. dxe6 c5 26. Kb2 cxb4 27. e7 Qg7 28. exd8Q Rxd8 29. Re7+ Kc6 30. Kb1 Nf5 31. Re2 h6 32. Rhe1 hxg5 33. fxg5 Qh8 34. Rc1 Kb7 35. c3 bxc3 36. Rxc3 Qh4 37. Ne4 Qh3 38. Rec2 Qf1+ 39. Rc1 Rd1 40. Rc7+ Ka6 41. Nf6 Qxf3 42. Rxd1 Qxd1+ 43. Rc1 Qd3+ 44. Kb2 Ne3 45. Ne8 Nd1+ 46. Ka1 Qd4+ 0-1

[Event "Niederbayern-ch Seniors"]
[Site "Ortenburg"]
[Date "2019.04.26"]
[Round "3"]
[White "Koenigl, Anton"]
[Black "Frisch, Wilhelm"]
[Result "0-1"]
[WhiteElo "1879"]
[BlackElo "1814"]
[PlyCount "118"]
[EventDate "2019.04.25"]
[EventType "tourn"]
[EventRounds "6"]
[EventCountry "GER"]
[SourceTitle "EXT 2023"]
[Source "ChessBase"]
[SourceDate "2022.10.05"]
[SourceVersion "1"]
[SourceVersionDate "2022.10.05"]
[SourceQuality "1"]

1. e4 e5 2. Nf3 Nc6 3. d4 exd4 4. Bc4 h6 5. 0-0 d6 6. Nxd4 Ne5 7. Be2 Nf6 8. f4 Ng6 9. Bf3 Be7 10. Nc3 c6 11. Kh1 0-0 12. Be3 Qc7 13. Rc1 Rd8 14. Qe2 Nh4 15. Rg1 Re8 16. Qf2 Ng4 17. Bxg4 Bxg4 18. f5 c5 19. Ndb5 Qd7 20. Nd5 Qxb5 21. Nxe7+ Rxe7 22. Qxh4 Rxe4 23. Qg3 Bxf5 24. Bxh6 Rg4 25. Qf3 Qd7 26. Bf4 Be6 27. Rcd1 d5 28. c3 b6 29. c4 Rg6 30. cxd5 Bg4 31. Qe4 Bxd1 32. Rxd1 Re8 33. Qd3 Rg4 34. Rf1 Rd8 35. d6 Qe6 36. h3 Rxf4 37. Rxf4 Rxd6 38. Qf3 Qxa2 39. Qa8+ Kh7 40. Rh4+ Rh6 41. Qe4+ g6 42. Rf4 Qe6 43. Qf3 Kg7 44. Qc3+ Kg8 45. Qf3 Qe7 46. Re4 Qd7 47. Qf4 Rh5 48. Qb8+ Kg7 49. Re8 Rf5 50. Rg8+ Kf6 51. Rd8 Qe7 52. Re8 Qd7 53. Rd8 Rf1+ 54. Kh2 Qf5 55. Qd6+ Qe6 56. Qg3 Kg7 57. Qb8 Re1 58. Rg8+ Kf6 59. Rd8 Qe5+ 0-1

[Event "AUT-ch Seniors 50"]
[Site "Deutschlandsberg"]
[Date "2018.04.26"]
[Round "5"]
[White "Frisch, Wilhelm"]
[Black "Kubik, Gerhard"]
[Result "0-1"]
[WhiteElo "1792"]
[BlackElo "1978"]
[PlyCount "76"]
[EventDate "2018.04.22"]
[EventType "swiss"]
[EventRounds "7"]
[EventCountry "AUT"]
[SourceTitle "CBM 184 Extra"]
[Source "ChessBase"]
[SourceDate "2018.06.28"]
[SourceVersion "1"]
[SourceVersionDate "2018.06.28"]
[SourceQuality "1"]

1. c4 g6 2. Nc3 Bg7 3. g3 c5 4. Bg2 Nc6 5. Nf3 d6 6. 0-0 Be6 7. d3 Qd7 8. Ng5 Bg4 9. f3 Bf5 10. e4 Bd4+ 11. Kh1 Be6 12. Ne2 Bg7 13. Rb1 h5 14. Nxe6 Qxe6 15. Nf4 Qd7 16. Bh3 e6 17. a3 Nf6 18. b4 Qc7 19. Bb2 b6 20. Qa4 Ke7 21. Qb3 g5 22. Ne2 Rag8 23. d4 g4 24. Bg2 h4 25. f4 hxg3 26. Nxg3 Nxd4 27. Bxd4 cxd4 28. Qd3 Nh5 29. Rbc1 Nxg3+ 30. Qxg3 Bf6 31. Rc2 Rg7 32. Rfc1 e5 33. f5 Bh4 34. Qd3 Bg5 35. c5 Bxc1 36. cxd6+ Qxd6 37. Rxc1 Qh6 38. Qg3 Qxc1+ 0-1

[Event "Niederbayern-ch Seniors"]
[Site "Vilshofen"]
[Date "2017.04.??"]
[Round "1"]
[White "Olejnik, Michael"]
[Black "Frisch, Wilhelm"]
[Result "0-1"]
[WhiteElo "1410"]
[BlackElo "1788"]
[PlyCount "110"]
[EventDate "2017.04.20"]
[EventType "tourn"]
[EventRounds "7"]
[EventCountry "GER"]
[SourceTitle "EXT 2023"]
[Source "ChessBase"]
[SourceDate "2022.10.05"]
[SourceVersion "1"]
[SourceVersionDate "2022.10.05"]
[SourceQuality "1"]

1. Nf3 b6 2. c4 Bb7 3. e3 d6 4. d4 Nf6 5. Nc3 g6 6. Be2 Bg7 7. 0-0 0-0 8. Qc2 d5 9. b3 Nbd7 10. Bb2 Re8 11. Rac1 Rc8 12. Nd2 e5 13. cxd5 exd4 14. Nb5 dxe3 15. fxe3 Nxd5 16. Bc4 N7f6 17. Bxd5 Nxd5 18. Nc4 a6 19. Nc3 Nxe3 20. Nxe3 Rxe3 21. Rcd1 Qe8 22. Qd2 Bxc3 23. Bxc3 Re2 24. Rde1 Rxd2 25. Rxe8+ Rxe8 26. Bxd2 f5 27. Rf2 Kf7 28. g4 Be4 29. h4 Re7 30. Kh2 Rd7 31. g5 Rd3 32. Re2 Ke6 33. Bf4 c5 34. Rd2 Kd5 35. a3 Kd4 36. Rb2 Bd5 37. Bc7 b5 38. Bb6 Bxb3 39. Rb1 Kd5 40. Re1 c4 41. Re7 c3 42. Rd7+ Ke4 43. Re7+ Kf4 44. Re1 c2 45. Bc7+ Kg4 46. Rg1+ Kxh4 47. Bf4 Bd5 48. Rc1 Rh3+ 49. Kg1 Be4 50. Bd2 Kg4 51. Kf2 f4 52. Rg1+ Kf5 53. Bc1 Rh1 54. Bd2 Rxg1 55. Kxg1 Kxg5 0-1

[Event "Niederbayernliga 1415"]
[Site "Bayern"]
[Date "2015.01.18"]
[Round "5.6"]
[White "Cengiz, Firat"]
[Black "Frisch, Wilhelm"]
[Result "1/2-1/2"]
[WhiteElo "1928"]
[BlackElo "1812"]
[PlyCount "95"]
[EventDate "2014.10.19"]
[EventType "team-tourn"]
[EventRounds "9"]
[EventCountry "GER"]
[SourceTitle "EXT 2023"]
[Source "ChessBase"]
[SourceDate "2022.10.05"]
[SourceVersion "1"]
[SourceVersionDate "2022.10.05"]
[SourceQuality "1"]
[WhiteTeam "Straubing JVA"]
[BlackTeam "Passau II"]
[WhiteTeamCountry "GER"]
[BlackTeamCountry "GER"]

1. d4 d5 2. c4 dxc4 3. Nc3 Nf6 4. Bf4 e6 5. e3 Bd6 6. Bxd6 cxd6 7. Bxc4 d5 8. Bd3 b6 9. Nf3 Bb7 10. Qa4+ Bc6 11. Bb5 Bxb5 12. Qxb5+ Qd7 13. Qd3 0-0 14. Ne5 Qe7 15. 0-0 Nfd7 16. Nf3 Nf6 17. Rac1 Nc6 18. Qb5 Qb7 19. Nxd5 Nxd5 20. Qxc6 Qa6 21. Qc4 Qb7 22. a3 Rfc8 23. Qd3 Rc7 24. Rxc7 Qxc7 25. Ng5 g6 26. e4 Nf4 27. Qd2 Rc8 28. g3 Nh5 29. e5 Qc6 30. Qd3 f5 31. Qb3 Ng7 32. Rd1 Rd8 33. Qc3 Qd5 34. Nf3 h6 35. Rc1 g5 36. Qc6 Qxc6 37. Rxc6 g4 38. Rd6 Rxd6 39. exd6 Kf8 40. Ne5 Ke8 41. b4 Kd8 42. Nc6+ Kd7 43. Nxa7 Kxd6 44. Nb5+ Kd5 45. Kf1 Kc4 46. Nd6+ Kxd4 47. a4 Kd5 48. a5 1/2-1/2

[Event "AUT-ch Eisenbahner"]
[Site "Wels"]
[Date "2009.05.22"]
[Round "2.10"]
[White "Frisch, Wilhelm"]
[Black "Smounig, Leopold"]
[Result "1/2-1/2"]
[WhiteElo "1920"]
[BlackElo "1688"]
[PlyCount "88"]
[EventDate "2009.05.21"]
[EventType "swiss"]
[EventRounds "3"]
[EventCountry "AUT"]
[SourceTitle "EXT 2024"]
[Source "ChessBase"]
[SourceDate "2023.10.10"]
[SourceVersion "1"]
[SourceVersionDate "2023.10.10"]
[SourceQuality "1"]

1. c4 Nf6 2. Nc3 g6 3. g3 Bg7 4. Bg2 d6 5. Nf3 0-0 6. 0-0 c6 7. d4 Nbd7 8. Bf4 Nh5 9. Be3 e5 10. d5 Qc7 11. Qc1 Nhf6 12. Rd1 Rd8 13. Ng5 Nf8 14. f4 Ng4 15. dxc6 Nxe3 16. Qxe3 exf4 17. gxf4 Bxc3 18. Qxc3 bxc6 19. Ne4 f5 20. Ng5 Bb7 21. Qf6 Qg7 22. Rxd6 Rxd6 23. Qxd6 Qxb2 24. Qd1 Qb6+ 25. Kf1 Rd8 26. Qb3 h6 27. Nf3 c5 28. Rb1 Qxb3 29. axb3 Bxf3 30. Bxf3 Kg7 31. Ra1 Rd7 32. Ra5 Rc7 33. Bd5 Nd7 34. e4 fxe4 35. Bxe4 Kf6 36. Ra6+ Nb6 37. Kf2 g5 38. Kf3 h5 39. h3 Rd7 40. Ra5 Rc7 41. Ra1 Rd7 42. Ra5 Rc7 43. Ra2 Rd7 44. Rg2 Rg7 1/2-1/2

[Event "Niederbayernliga 0304"]
[Site "Germany"]
[Date "2003.??.??"]
[Round "3"]
[White "Scholler, Franz"]
[Black "Frisch, Wilhelm"]
[Result "1/2-1/2"]
[WhiteElo "1563"]
[BlackElo "1655"]
[PlyCount "49"]
[EventDate "2003.??.??"]
[EventType "team-tourn"]
[EventRounds "9"]
[EventCountry "GER"]
[SourceTitle "EXT 2008"]
[Source "ChessBase"]
[SourceDate "2007.11.25"]
[SourceVersion "1"]
[SourceVersionDate "2007.11.25"]
[SourceQuality "1"]
[WhiteTeam "Haselbach"]
[BlackTeam "Passau II"]
[WhiteTeamCountry "GER"]
[BlackTeamCountry "GER"]

1. c4 c5 2. Nc3 Nc6 3. g3 g6 4. Bg2 Bg7 5. Nf3 e6 6. e3 Nge7 7. d4 cxd4 8. Nxd4 Nxd4 9. exd4 d5 10. c5 a6 11. 0-0 0-0 12. Be3 Nc6 13. Qd2 b6 14. Na4 bxc5 15. Nxc5 Rb8 16. Rfd1 Rb4 17. a3 Rc4 18. b3 Rxd4 19. Bxd4 Nxd4 20. Rac1 Qb6 21. b4 Qd6 22. Qe3 Nf5 23. Qd2 Nd4 24. Qe3 Nf5 25. Qd2 1/2-1/2